Robust Bayesian regression approach for areas with small numbers of purchases (Record no. 115655)
[ view plain ]
| 000 -LEADER | |
|---|---|
| fixed length control field | 01465cad a2200265 4500 |
| 001 - CONTROL NUMBER | |
| control field | L159061 |
| 008 - FIXED-LENGTH DATA ELEMENTS--GENERAL INFORMATION | |
| fixed length control field | 100215n2013 000 0 eng u |
| 020 ## - INTERNATIONAL STANDARD BOOK NUMBER | |
| International Standard Book Number | 9781783210305 |
| 035 ## - SYSTEM CONTROL NUMBER | |
| System control number | (Sirsi) u159061 |
| 041 ## - LANGUAGE CODE | |
| Language code of text/sound track or separate title | eng |
| 100 1# - MAIN ENTRY--PERSONAL NAME | |
| Personal name | Alkhatib, Hamza |
| 111 2# - MAIN ENTRY--MEETING NAME | |
| Meeting name or jurisdiction name as entry element | Construction and Building Research Conference |
| Location of meeting | IIT Delhi, New Delhi |
| Date of meeting or treaty signing | 10-12 September 2013 |
| 245 00 - TITLE STATEMENT | |
| Title | Robust Bayesian regression approach for areas with small numbers of purchases |
| Medium | [electronic resource] |
| 260 ## - PUBLICATION, DISTRIBUTION, ETC. | |
| Place of publication, distribution, etc. | London |
| Name of publisher, distributor, etc. | RICS |
| Date of publication, distribution, etc. | 2013 |
| 490 #0 - SERIES STATEMENT | |
| Series statement | COBRA |
| Volume/sequential designation | 2013 |
| 520 ## - SUMMARY, ETC. | |
| Summary, etc. | A paper presented at the COBRA Conference in New Delhi on 10-12 September 2013. Introduces a robust Bayesian approach to integrate experts' knowledge in data-driven models with a small sample size, such as the multiple linear regression analysis. The focus lies on one and two family houses. In order to simulate the market with few purchases, the data is methodically reduced, such as for cases in the edges or in the centre of the data. |
| 650 24 - SUBJECT ADDED ENTRY--TOPICAL TERM | |
| Topical term or geographic name entry element | CONSTRUCTION AND BUILDING RESEARCH CONFERENCE (COBRA) |
| 650 24 - SUBJECT ADDED ENTRY--TOPICAL TERM | |
| Topical term or geographic name entry element | REGRESSION ANALYSIS |
| 650 24 - SUBJECT ADDED ENTRY--TOPICAL TERM | |
| Topical term or geographic name entry element | COMPARABLE EVIDENCE IN PROPERTY VALUATION |
| 651 #4 - SUBJECT ADDED ENTRY--GEOGRAPHIC NAME | |
| Geographic name | Germany |
| 690 ## - LOCAL SUBJECT ADDED ENTRY--TOPICAL TERM (OCLC, RLIN) | |
| Topical term or geographic name as entry element | Valuation |
| 9 (RLIN) | 6273 |
| 700 1# - ADDED ENTRY--PERSONAL NAME | |
| Personal name | Weitkamp, Alexandra |
| 856 40 - ELECTRONIC LOCATION AND ACCESS | |
| Uniform Resource Identifier | <a href="https://www.rics.org/Global/Paper%2070%20ROBUST%20BAYESIAN%20REGRESSION%20APPROACH%20FOR%20AREAS%20WITH%20SMALL%20NUMBERS%20OF%20PURCHASES.pdf">https://www.rics.org/Global/Paper%2070%20ROBUST%20BAYESIAN%20REGRESSION%20APPROACH%20FOR%20AREAS%20WITH%20SMALL%20NUMBERS%20OF%20PURCHASES.pdf</a> |
| Public note | View this item free of charge at www.rics.org |
| 942 ## - ADDED ENTRY ELEMENTS (KOHA) | |
| Suppress in OPAC | 0 |
| Withdrawn status | Lost status | Source of classification or shelving scheme | Damaged status | Not for loan | Home library | Current library | Shelving location | Date acquired | Total Checkouts | Full call number | Barcode | Date last seen | Copy number | Price effective from | Koha item type |
|---|---|---|---|---|---|---|---|---|---|---|---|---|---|---|---|
| Dewey Decimal Classification | Virtual | Virtual | Online | 24/12/2015 | ONLINE PUBLICATION | 159061-2001 | 06/08/2019 | 1 | 06/08/2019 | Book |